Các nhà vật lý đi tiên phong
Guardat en:
| Autor principal: | |
|---|---|
| Format: | Llibre |
| Idioma: | Vietnamese |
| Publicat: |
Hà Nội
Khoa học và kỹ thuật
1978
|
| Matèries: | |
| Etiquetes: |
Afegir etiqueta
Sense etiquetes, Sigues el primer a etiquetar aquest registre!
|
| Thư viện lưu trữ: | Trung tâm Học liệu Lê Vũ Hùng, Trường Đại học Đồng Tháp |
|---|
| LEADER | 00760pam a22002538a 4500 | ||
|---|---|---|---|
| 001 | 00032192 | ||
| 005 | 20171026081025.0 | ||
| 008 | 140522s1978 ||||||viesd | ||
| 041 | 0 | # | |a vie |
| 082 | 1 | 4 | |a 530.092 |b C101NH |
| 100 | 1 | # | |a Lê, Minh Triết |
| 245 | 1 | 0 | |a Các nhà vật lý đi tiên phong |c Lê Minh Triết |
| 260 | # | # | |a Hà Nội |b Khoa học và kỹ thuật |c 1978 |
| 300 | # | # | |a 179 tr. |c 21 cm. |
| 653 | # | # | |a Cuộc đời |
| 653 | # | # | |a Vật lý học |
| 653 | # | # | |a Sự nghiệp |
| 653 | # | # | |a Nhà vật lí |
| 852 | # | # | |j KD.0015907 |b Kho đọc |
| 852 | # | # | |j KD.0015907 |
| 910 | |d 22/5/2014 | ||
| 980 | # | # | |a Trung tâm Học liệu Lê Vũ Hùng, Trường Đại học Đồng Tháp |